000 00382nam a2200109Ia 4500
008 171204s9999 xx 000 0 und d
245 _aToward Robotic Socially Believable Behaving Systems - Volume I: Modeling Emotions
245 _cAnna Esposito and Lakhmi C. Jain
260 _c2016
650 _xPHYSIOLOGICAL PSYCHOLOGY
856 _uhttp://down.ebook777.com/046/9783319310558.pdf
999 _c346481
_d346481